000 00687nam a2200217Ia 4500
005 20241129111010.0
008 241129s9999||||xx |||||||||||||| ||und||
037 _aTB
040 _aCRL
_bpun
_cCRL
041 _apun
_2pun
084 _aO153,6N37x R1
_qCRL
100 _aਨੇਗੀ, ਚੰਦਨ, ਚ।
245 0 _aਚਿਤਵਣੀਆਂ
_cਨੇਗੀ, ਚੰਦਨ, ਚ।
260 _aਦਿੱਲੀ, ਭਾਰਤ
_bਆਰਸੀ ਪਬਲਿਸ਼ਰਜ਼
_c2021
300 _a422ਪ੍ਰ0
365 _aINR
_b700
546 _aTranslated form Russian to Punjabi.
650 _aPunjabi Prose
942 _cTB
_hO153,6N37x R1
999 _c1228463
_d1228463